Efectos colaterales de la pandemia. (Registro nro. 32006)

Detalles MARC
000 -LEADER
fixed length control field 00392 a2200133 4500
001 - CONTROL NUMBER
control field ART_55640
005 - DATE AND TIME OF LATEST TRANSACTION
control field 20260410162009.0
008 - FIXED-LENGTH DATA ELEMENTS--GENERAL INFORMATION
fixed length control field 260409a
100 1# - MAIN ENTRY--PERSONAL NAME
Personal name Di Lernia, María C.
245 10 - TITLE STATEMENT
Title Efectos colaterales de la pandemia.
700 1# - ADDED ENTRY--PERSONAL NAME
Personal name Díaz, Ana I.
700 1# - ADDED ENTRY--PERSONAL NAME
Personal name MEDVESCIG, Griselda
773 0# - HOST ITEM ENTRY
Title Temas de derecho civil
Related parts - Año 8, N° 4 (abr. 2022)
Record control number REV34778

No hay ítems disponibles.